| 000 | 00680nam a22002177a 4500 | ||
|---|---|---|---|
| 003 | OSt | ||
| 005 | 20240221102038.0 | ||
| 008 | 191203t xxu||||| |||| 00| 0 eng d | ||
| 020 | _a9781941332320 | ||
| 040 | _cSADA | ||
| 082 |
_a720.7117471 _bABS |
||
| 245 | 0 | 0 | _aAbstract,Columbia GSAPP 2016 |
| 260 |
_aNew York: _b Columbia University; _c2016. |
||
| 300 |
_a330p.: _bill; _c28 cm. |
||
| 650 |
_aCity planning _910558 |
||
| 650 |
_aArchitecture, Modern _932028 |
||
| 650 |
_aArchitecture--Study and teaching (Graduate) _9120980 |
||
| 710 | 1 |
_aAndraos,Amala _9120981 |
|
| 942 |
_2ddc _cREF _aSADA _kREF 720.7117471 ABS 2016 |
||
| 999 |
_c607961 _d607961 |
||